[Event "Pojedinacno prvenstvo Centralne Srbije 2"]
[Site "Vrnjacka Banja"]
[Date "2014.03.20"]
[Round "5.7"]
[White "Milanovic, Danilo"]
[Black "Pavlovic, Goran"]
[Result "1-0"]
[WhiteElo "2506"]
[BlackElo "2372"]
[PlyCount "113"]
[EventDate "2014.03.17"]

1. d4 e6 2. c4 f5 3. g3 Nf6 4. Bg2 d5 5. Nh3 c6 6. Qc2 Bd6 7. O-O O-O 8. Nf4
Qe7 9. Nd3 Bd7 10. Nd2 Be8 11. Nf3 Nbd7 12. Bf4 Bxf4 13. Nxf4 Ne4 14. Nd3 Bh5
15. Rfe1 g5 16. Nfe5 Nxe5 17. Nxe5 Nd6 18. e3 Nf7 19. Nd3 Bg6 20. Qc3 Rad8 21.
b3 Qf6 22. Rad1 Rd7 23. b4 h5 24. b5 h4 25. bxc6 bxc6 26. Nb4 hxg3 27. hxg3 c5
28. Nd3 cxd4 29. exd4 Rc7 30. c5 f4 31. Nb4 Bh5 32. Rd3 a5 33. Nc2 Bg6 34. Rd2
Ra7 35. Bh3 Re7 36. Rde2 Rfe8 37. c6 f3 38. Re3 Be4 39. Bg4 e5 40. Bxf3 Bxc2
41. Qxc2 e4 42. Qc5 Qd6 43. Qxd6 Nxd6 44. Bg4 Nb5 45. Bd7 Rd8 46. Rd1 Nd6 47.
Rc1 Rexd7 48. cxd7 Rxd7 49. Rec3 Nb5 50. Rc8+ Kf7 51. Rd1 Nd6 52. Rc5 Nc4 53.
Kg2 Ke6 54. g4 e3 55. Rh1 Kf6 56. Rc6+ Ke7 57. fxe3 1-0

[Event "Pojedinacno prvenstvo Centralne Srbije 2"]
[Site "Vrnjacka Banja"]
[Date "2014.03.20"]
[Round "5.8"]
[White "Bojkovic, Natasa"]
[Black "Velickovic, Sasa"]
[Result "1-0"]
[WhiteElo "2411"]
[BlackElo "2377"]
[PlyCount "129"]
[EventDate "2014.03.17"]

1. e4 c5 2. Nf3 e6 3. c3 b6 4. d4 Bb7 5. Bd3 Nf6 6. Qe2 Be7 7. O-O Nc6 8. a3 d6
9. b4 Qc7 10. Nbd2 Rd8 11. Bb2 O-O 12. Rfc1 Rfe8 13. a4 Rb8 14. Ba3 Nd7 15. Bb5
Red8 16. h3 Bf8 17. Rab1 Ba8 18. Bd3 Ne7 19. Qe3 Ng6 20. h4 Nf6 21. g3 Qc6 22.
Bb5 Qc7 23. Bf1 Qc6 24. Bb5 Qc7 25. Bf1 Qc6 26. b5 Qb7 27. Re1 Rbc8 28. Bg2 Rc7
29. Nh2 cxd4 30. cxd4 Rdc8 31. Rb3 Rc2 32. Bf3 Qc7 33. h5 Ne7 34. Qd3 Ne8 35.
Bb2 h6 36. Bd1 Nf6 37. Bxc2 Qxc2 38. Qxc2 Rxc2 39. Nhf1 Nxh5 40. Rc1 Rxc1 41.
Bxc1 Nf6 42. f3 Ne8 43. Ba3 f5 44. Ne3 g5 45. e5 dxe5 46. dxe5 Ng6 47. Bxf8
Kxf8 48. Nec4 Nc7 49. Rc3 Nd5 50. Ra3 Nc7 51. Rc3 Nd5 52. Ra3 Nc7 53. Ra1 Bb7
54. Nd6 Bd5 55. Rc1 Na8 56. Re1 Ne7 57. Kf2 Kg7 58. Rc1 Ng6 59. N2c4 Ne7 60.
Ne3 f4 61. gxf4 gxf4 62. Rg1+ Kf8 63. Nxd5 Nxd5 64. Nc8 Nac7 65. Nxa7 1-0

[Event "Pojedinacno prvenstvo Centralne Srbije 2"]
[Site "Vrnjacka Banja"]
[Date "2014.03.20"]
[Round "5.9"]
[White "Milenkovic, Mladen"]
[Black "Nestorovic, Lazar"]
[Result "1/2-1/2"]
[WhiteElo "2373"]
[BlackElo "2381"]
[PlyCount "99"]
[EventDate "2014.03.17"]

1. e4 c5 2. Nf3 d6 3. d4 cxd4 4. Nxd4 Nf6 5. Nc3 a6 6. Bc4 e6 7. Bg5 Nbd7 8.
Qe2 h6 9. Bh4 g5 10. Bg3 Ne5 11. Bb3 Be7 12. O-O-O Qc7 13. h4 Rg8 14. f4 gxf4
15. Bxf4 Nfg4 16. Nf3 Bd7 17. Nxe5 dxe5 18. Bd2 b5 19. a3 Qb6 20. Rdf1 a5 21.
a4 bxa4 22. Bxa4 Bxa4 23. Nxa4 Qc6 24. b3 Rb8 25. Rh3 Ba3+ 26. Kd1 Bb4 27. Rd3
Bxd2 28. Kxd2 h5 29. Kc1 Ke7 30. Rfd1 Nf6 31. Rc3 Qxe4 32. Rc7+ Kf8 33. Qxe4
Nxe4 34. Rdd7 Rg7 35. Nc5 Nxc5 36. Rxc5 Rxg2 37. Rxe5 Rc8 38. Rd2 Rxd2 39. Kxd2
Ra8 40. Rxh5 Ke7 41. Rc5 f5 42. Rc4 Kf6 43. Ra4 e5 44. Kc1 Rc8 45. c4 Rb8 46.
Rxa5 Rxb3 47. Ra6+ Ke7 48. h5 Kf7 49. h6 Kg8 50. Rf6 1/2-1/2

[Event "Pojedinacno prvenstvo Centralne Srbije 2"]
[Site "Vrnjacka Banja"]
[Date "2014.03.20"]
[Round "5.10"]
[White "Colovic, Dusan"]
[Black "Stanojevic, Branko"]
[Result "1-0"]
[WhiteElo "2380"]
[BlackElo "2271"]
[PlyCount "61"]
[EventDate "2014.03.17"]

1. d4 Nf6 2. Nc3 c5 3. d5 g6 4. e4 d6 5. Nf3 Bg7 6. Bb5+ Bd7 7. a4 O-O 8. O-O
Bg4 9. h3 Bxf3 10. Qxf3 Na6 11. Qe2 Nc7 12. Bc4 b6 13. Bg5 a6 14. Rad1 h6 15.
Bh4 Nh5 16. f4 Bd4+ 17. Kh1 Ng7 18. g4 f6 19. e5 Bxc3 20. bxc3 Qd7 21. Bd3 f5
22. gxf5 gxf5 23. e6 Qe8 24. c4 Kh7 25. Rg1 Rg8 26. Rg3 b5 27. axb5 axb5 28.
Rdg1 bxc4 29. Bxc4 Ra4 30. Qg2 Qf8 31. Rg6 1-0

[Event "Pojedinacno prvenstvo Centralne Srbije 2"]
[Site "Vrnjacka Banja"]
[Date "2014.03.20"]
[Round "5.11"]
[White "Zajic, Milan"]
[Black "Zivkovic, Nemanja"]
[Result "1-0"]
[WhiteElo "2370"]
[BlackElo "2290"]
[PlyCount "81"]
[EventDate "2014.03.17"]

1. e4 c5 2. Nf3 d6 3. d4 cxd4 4. Nxd4 Nf6 5. Nc3 a6 6. Be2 e5 7. Nb3 Be7 8. g4
h6 9. Be3 Be6 10. Bf3 Nbd7 11. Qe2 Rc8 12. O-O-O Rxc3 13. bxc3 Qc7 14. h4 Qc6
15. Bd2 Nb6 16. g5 Nfd7 17. gxh6 gxh6 18. Rde1 Nf6 19. Kb1 Nc4 20. Bg2 a5 21.
Bc1 a4 22. Nd2 Nxd2+ 23. Bxd2 Qc5 24. Bf1 Nd7 25. Ka1 Qa3 26. c4 Qc5 27. Rb1
Qc6 28. f3 Bd8 29. Be3 Ba5 30. Rb5 Bb6 31. Rg1 Bxe3 32. Qxe3 Nc5 33. Bd3 Qc7
34. f4 exf4 35. Qd4 Rf8 36. e5 b6 37. exd6 Qc6 38. Rgb1 Nd7 39. Rxb6 Nxb6 40.
Rxb6 Qh1+ 41. Rb1 1-0

[Event "Pojedinacno prvenstvo Centralne Srbije 2"]
[Site "Vrnjacka Banja"]
[Date "2014.03.20"]
[Round "5.12"]
[White "Gavrilovic, Leonardo"]
[Black "Rajkovic, Dusan"]
[Result "1-0"]
[WhiteElo "2255"]
[BlackElo "2369"]
[PlyCount "84"]
[EventDate "2014.03.17"]

1. Nf3 c5 2. g3 Nc6 3. c4 g6 4. Bg2 Bg7 5. O-O e5 6. d3 Nge7 7. Nc3 O-O 8. a3
d6 9. Rb1 a5 10. Bd2 h6 11. Ne1 Be6 12. Nd5 Bxd5 13. cxd5 Nd4 14. a4 Qb6 15. b3
h5 16. h3 Ndf5 17. Nc2 Bh6 18. Bc3 Qc7 19. Na3 b6 20. Nb5 Qd7 21. Be1 Rfb8 22.
Bd2 Bg7 23. e3 Nc8 24. h4 Nh6 25. d4 exd4 26. exd4 Ng4 27. Bf4 Bf8 28. Bh3 f5
29. Re1 Na7 30. Nxa7 Rxa7 31. Re6 Kh7 32. f3 Nh6 33. Bf1 Rd8 34. Bg5 Rc8 35.
Bb5 Qb7 36. Bc4 Nf7 37. g4 Nxg5 38. hxg5 Bg7 39. dxc5 Rxc5 40. gxf5 gxf5 41. f4
Kg8 42. Qxh5 Qf7 1-0

[Event "Pojedinacno prvenstvo Centralne Srbije 2"]
[Site "Vrnjacka Banja"]
[Date "2014.03.20"]
[Round "5.13"]
[White "Ratkovic, Miloje"]
[Black "Pantovic, Dragan M"]
[Result "1-0"]
[WhiteElo "2358"]
[BlackElo "2132"]
[PlyCount "57"]
[EventDate "2014.03.17"]

1. d4 Nf6 2. c4 e6 3. Nc3 Bb4 4. e3 O-O 5. Nge2 d5 6. a3 Be7 7. cxd5 exd5 8. g3
c6 9. Bg2 a5 10. O-O Na6 11. h3 Re8 12. g4 h6 13. Ng3 Bd6 14. f4 b5 15. Nce2
Nc7 16. f5 Rb8 17. Nf4 c5 18. Nfh5 Bxg3 19. Nxg3 Qd6 20. e4 dxe4 21. Bf4 Qb6
22. dxc5 Qxc5+ 23. Kh1 Rb7 24. Rc1 Qb6 25. Re1 Na6 26. Nxe4 Nxe4 27. Rxe4 Rd8
28. Qe2 Rbd7 29. Rxc8 1-0

[Event "Pojedinacno prvenstvo Centralne Srbije 2"]
[Site "Vrnjacka Banja"]
[Date "2014.03.20"]
[Round "5.14"]
[White "Djosic, Slavoljub"]
[Black "Andrijevic, Milan"]
[Result "0-1"]
[WhiteElo "2252"]
[BlackElo "2333"]
[PlyCount "68"]
[EventDate "2014.03.17"]

1. e4 c5 2. b4 cxb4 3. Nf3 d5 4. exd5 Qxd5 5. d4 Nc6 6. c4 Qa5 7. Bb2 Nf6 8. d5
Nb8 9. Bd3 e6 10. O-O Be7 11. a3 O-O 12. axb4 Qd8 13. dxe6 Bxe6 14. Nd4 Bg4 15.
Qb3 Nc6 16. Nxc6 bxc6 17. Na3 Rb8 18. b5 cxb5 19. Nxb5 Bc5 20. Qc2 h6 21. Bc3
Qb6 22. Rxa7 Rbd8 23. Ra2 Bc8 24. Rb2 Qc6 25. Be2 Ne4 26. Bf3 Bf5 27. Qc1 Qg6
28. Kh1 Nxc3 29. Qxc3 Rd3 30. Qe5 Bb6 31. c5 Bd8 32. Nd4 Bc8 33. Be4 Qa6 34.
Bxd3 Qxd3 0-1

[Event "Pojedinacno prvenstvo Centralne Srbije 2"]
[Site "Vrnjacka Banja"]
[Date "2014.03.20"]
[Round "5.15"]
[White "Cvetkovic, Srdjan"]
[Black "Jovanovic, Bojan P"]
[Result "1/2-1/2"]
[WhiteElo "2332"]
[BlackElo "2254"]
[PlyCount "38"]
[EventDate "2014.03.17"]

1. c4 e6 2. Nf3 d5 3. d4 Nf6 4. Nc3 Be7 5. Bg5 h6 6. Bh4 O-O 7. e3 Ne4 8. Bxe7
Qxe7 9. Rc1 Nxc3 10. Rxc3 c6 11. Be2 dxc4 12. Bxc4 Nd7 13. O-O b6 14. a3 Bb7
15. Qe2 c5 16. Bb5 Nf6 17. dxc5 Ne4 18. Rcc1 Nxc5 19. Nd4 e5 1/2-1/2

[Event "Pojedinacno prvenstvo Centralne Srbije 2"]
[Site "Vrnjacka Banja"]
[Date "2014.03.20"]
[Round "5.16"]
[White "Radusinovic, Lazar"]
[Black "Petrovic, Zoran Z"]
[Result "1-0"]
[WhiteElo "2313"]
[BlackElo "2056"]
[PlyCount "141"]
[EventDate "2014.03.17"]

1. d4 d5 2. Nf3 e6 3. g3 c5 4. Bg2 Nc6 5. O-O Nf6 6. c4 dxc4 7. Qa4 cxd4 8.
Nxd4 Qxd4 9. Bxc6+ Bd7 10. Bxd7+ Qxd7 11. Qxc4 Rc8 12. Qb3 Bc5 13. Nc3 a6 14.
Bg5 Ng4 15. Ne4 O-O 16. h3 h6 17. Bc1 Ne5 18. Bxh6 Qc6 19. Nxc5 Qxc5 20. Rac1
Qd4 21. Bf4 b5 22. Rxc8 Rxc8 23. Rd1 Qe4 24. Bxe5 Qxe5 25. Rd2 Qe4 26. Qd1 Rc5
27. Rd3 Qc6 28. Rd6 Rc1 29. Rxc6 Rxd1+ 30. Kg2 Rd2 31. Rxa6 Rxb2 32. e4 b4 33.
h4 g6 34. g4 Kg7 35. Kg3 Kf6 36. Ra7 b3 37. axb3 Rxb3+ 38. f3 Rb1 39. e5+ Kg7
40. Kf4 Re1 41. Rb7 Rf1 42. Rb3 Re1 43. Re3 Rf1 44. Kg5 Rg1 45. Rb3 Re1 46. f4
Re2 47. Rb7 Re1 48. Ra7 Re2 49. Re7 Re1 50. h5 gxh5 51. Kxh5 Rf1 52. Kg5 Re1
53. Rb7 Re2 54. Rb4 Re1 55. Rb5 Rf1 56. f5 exf5 57. gxf5 Rg1+ 58. Kf4 Rf1+ 59.
Ke4 Re1+ 60. Kd5 Rd1+ 61. Kc6 Rf1 62. f6+ Kg6 63. Kd6 Ra1 64. Rd5 Ra6+ 65. Ke7
Ra7+ 66. Rd7 Ra6 67. Ke8 Ra8+ 68. Rd8 Ra6 69. Kf8 Ra7 70. Re8 Rb7 71. Kg8 1-0

[Event "Pojedinacno prvenstvo Centralne Srbije 2"]
[Site "Vrnjacka Banja"]
[Date "2014.03.20"]
[Round "5.17"]
[White "Bura, Goran"]
[Black "Ilic, Zoran S"]
[Result "1/2-1/2"]
[WhiteElo "2222"]
[BlackElo "2297"]
[PlyCount "57"]
[EventDate "2014.03.17"]

1. e4 c5 2. Nc3 e6 3. f4 a6 4. Nf3 Nc6 5. g4 d5 6. d3 b5 7. Bg2 Bb7 8. exd5
exd5 9. O-O Nge7 10. Re1 h5 11. Ne5 Nxe5 12. Rxe5 f6 13. Rxh5 Rxh5 14. gxh5 Qd7
15. Qf3 O-O-O 16. Bd2 Kb8 17. Bh3 f5 18. d4 Nc6 19. Ne2 Re8 20. Be3 Re4 21. Ng3
Nxd4 22. Bxd4 Rxd4 23. Nxf5 Re4 24. Qg4 Qc7 25. Rf1 Ka7 26. Bg2 Re8 27. Qg6 Re2
28. Ng3 Rd2 29. Nf5 1/2-1/2

[Event "Pojedinacno prvenstvo Centralne Srbije 2"]
[Site "Vrnjacka Banja"]
[Date "2014.03.20"]
[Round "5.18"]
[White "Stojanovic, Andjelija"]
[Black "Todorovic, Kosta"]
[Result "1-0"]
[WhiteElo "2295"]
[BlackElo "1929"]
[PlyCount "43"]
[EventDate "2014.03.17"]

1. e4 d6 2. d4 Nf6 3. Nc3 Nbd7 4. Nf3 e5 5. g4 exd4 6. Nxd4 Ne5 7. g5 c5 8.
Bb5+ Nfd7 9. Nf5 Be7 10. f4 Ng6 11. Nxd6+ Bxd6 12. Qxd6 Qe7 13. Qxe7+ Nxe7 14.
Be3 b6 15. O-O-O a6 16. Be2 O-O 17. Rd6 Ra7 18. Na4 f5 19. e5 Rc7 20. e6 Nb8
21. Nxb6 Bb7 22. Rhd1 1-0

[Event "Pojedinacno prvenstvo Centralne Srbije 2"]
[Site "Vrnjacka Banja"]
[Date "2014.03.20"]
[Round "5.19"]
[White "Vujacic, Borivoje"]
[Black "Jokic, Miodrag"]
[Result "1-0"]
[WhiteElo "2287"]
[BlackElo "2103"]
[PlyCount "73"]
[EventDate "2014.03.17"]

1. e4 d6 2. d4 Nf6 3. Nc3 g6 4. Be3 c6 5. Nf3 b5 6. Bd3 Bg7 7. Qd2 Nbd7 8. h3
O-O 9. O-O Qc7 10. a4 b4 11. Ne2 a5 12. Ng3 c5 13. Bh6 c4 14. Bxg7 Kxg7 15. Be2
Bb7 16. Qe3 d5 17. e5 Ng8 18. e6 Ndf6 19. exf7 Rxf7 20. Ng5 Ra6 21. Nxf7 Kxf7
22. Bg4 Nxg4 23. hxg4 Re6 24. Qg5 h6 25. Qd2 c3 26. bxc3 bxc3 27. Qd3 Ba6 28.
Qf3+ Rf6 29. Qxd5+ e6 30. Qe5 Qxe5 31. dxe5 Rf4 32. Rfe1 Rxg4 33. Re4 Rg5 34.
Rb1 Ne7 35. Rb6 Bc8 36. Rb5 Nc6 37. Rc4 1-0

[Event "Pojedinacno prvenstvo Centralne Srbije 2"]
[Site "Vrnjacka Banja"]
[Date "2014.03.20"]
[Round "5.20"]
[White "Sorgic, Dragan"]
[Black "Zivkovic, Marko"]
[Result "1-0"]
[WhiteElo "2244"]
[BlackElo "2192"]
[PlyCount "103"]
[EventDate "2014.03.17"]

1. e4 c6 2. d4 d5 3. Nc3 dxe4 4. Nxe4 Bf5 5. Ng3 Bg6 6. h4 h6 7. Nf3 Nd7 8. h5
Bh7 9. Bd3 Bxd3 10. Qxd3 Ngf6 11. Bd2 e6 12. O-O-O Qc7 13. Ne4 Bd6 14. g3 b5
15. Kb1 a5 16. Qe2 Nxe4 17. Qxe4 Nf6 18. Qe2 O-O-O 19. c4 bxc4 20. Qxc4 Ne4 21.
Qa6+ Qb7 22. Qxb7+ Kxb7 23. Bxa5 Ra8 24. Bd2 Ra6 25. a3 Rha8 26. Kc2 Ra4 27.
Bc1 Kc7 28. Rd3 R4a5 29. Bd2 Rb5 30. Rb3 Rxb3 31. Kxb3 Nf6 32. Rh4 Rb8+ 33. Kc2
Rb5 34. Ne5 Nxh5 35. Rxh5 f6 36. f4 fxe5 37. dxe5 Kd7 38. Rh1 Bf8 39. Bc3 Rd5
40. Rd1 Rxd1 41. Kxd1 h5 42. Ke2 Be7 43. Bd2 g6 44. Be3 Kc7 45. Kd3 Kb7 46. Kc4
Bd8 47. b4 Be7 48. a4 Bd8 49. a5 Bc7 50. Kc5 Bb8 51. a6+ Kxa6 52. Kxc6 1-0

[Event "Pojedinacno prvenstvo Centralne Srbije 2"]
[Site "Vrnjacka Banja"]
[Date "2014.03.20"]
[Round "5.21"]
[White "Tosic, Dragoljub"]
[Black "Radosavljevic, Slobodan D"]
[Result "0-1"]
[WhiteElo "1966"]
[BlackElo "2227"]
[PlyCount "63"]
[EventDate "2014.03.17"]

1. c4 Nf6 2. d4 c5 3. d5 g6 4. Nc3 Bg7 5. e4 d6 6. Nf3 O-O 7. g3 e6 8. Bg2 exd5
9. cxd5 b5 10. Nd2 b4 11. Ne2 Nbd7 12. O-O Re8 13. Re1 Ne5 14. Qc2 Ba6 15. f3
Nd3 16. Rd1 Nxd5 17. Nc4 Nxc1 {...} 18. Rxd5 Nxe2+ 19. Qxe2 Bd4+ 20. Kh1 Qf6
21. Rd1 Rad8 22. Qd3 Bb7 23. Rxd4 cxd4 24. Qxd4 Qxd4 25. Rxd4 d5 26. Na5 dxe4
27. Rxd8 Rxd8 28. Nxb7 Rd1+ 29. Bf1 Rxf1+ 30. Kg2 Rb1 31. fxe4 Rxb2+ 32. Kf3
0-1

[Event "Pojedinacno prvenstvo Centralne Srbije 2"]
[Site "Vrnjacka Banja"]
[Date "2014.03.20"]
[Round "5.22"]
[White "Gajic, Sladjan"]
[Black "Dudukovic, Nikola"]
[Result "0-1"]
[WhiteElo "2066"]
[BlackElo "2364"]
[PlyCount "58"]
[EventDate "2014.03.17"]

1. d4 c5 2. d5 Nf6 3. c4 b5 4. cxb5 a6 5. Nc3 axb5 6. g3 b4 7. Nb1 d6 8. Bg2 g6
9. b3 Bg7 10. Bb2 O-O 11. Nh3 Nbd7 12. Nd2 Nb6 13. e4 Ba6 14. Bf1 Bxf1 15. Rxf1
Qd7 16. Nf4 Ra6 17. Nd3 Rfa8 18. Qb1 Qb5 19. Nc1 e6 20. dxe6 fxe6 21. f4 Qc6
22. Rf2 c4 23. bxc4 Na4 24. e5 Ng4 25. Re2 dxe5 26. Nd3 Nxb2 27. Nxb2 exf4 28.
gxf4 Qh1+ 29. Nf1 Bc3+ 0-1

[Event "Pojedinacno prvenstvo Centralne Srbije 2"]
[Site "Vrnjacka Banja"]
[Date "2014.03.20"]
[Round "5.23"]
[White "Stojanovic, Zlatko"]
[Black "Gagic, Miroljub"]
[Result "1-0"]
[WhiteElo "2253"]
[BlackElo "1865"]
[PlyCount "93"]
[EventDate "2014.03.17"]

1. e4 e5 2. Nf3 Qe7 3. g3 d6 4. Bg2 Bg4 5. h3 Bxf3 6. Qxf3 Nc6 7. O-O Nf6 8.
Na3 Qd7 9. Nc4 Be7 10. Ne3 O-O-O 11. c4 h5 12. d3 Nd4 13. Qd1 Rdg8 14. b4 g5
15. Bb2 c5 16. Bxd4 cxd4 17. Nf5 Kb8 18. Qe2 h4 19. g4 Rc8 20. a4 Nh7 21. a5
Nf8 22. Rfb1 Ne6 23. Qd2 Rc7 24. Rb3 Rhc8 25. Kh2 Bf8 26. Rab1 f6 27. Ra3 Qd8
28. Qa2 Qd7 29. Bf3 Nf4 30. Qb2 Qd8 31. Rb3 Rh7 32. Qd2 Ne6 33. R3b2 Nf4 34.
Ra1 Ne6 35. Bd1 Nf4 36. Ba4 Ne6 37. Rab1 Ka8 38. Bb5 Nf4 39. Rb3 Ne6 40. Qa2
Nf4 41. R1b2 Rb8 42. a6 Qc7 43. Qa4 Rc8 44. axb7+ Qxb7 45. Ba6 Qb8 46. Bxc8
Qxc8 47. b5 1-0

[Event "Pojedinacno prvenstvo Centralne Srbije 2"]
[Site "Vrnjacka Banja"]
[Date "2014.03.20"]
[Round "5.25"]
[White "Ratkovic, Petar"]
[Black "Miladinovic, Lena"]
[Result "0-1"]
[WhiteElo "1783"]
[BlackElo "2095"]
[PlyCount "80"]
[EventDate "2014.03.17"]

1. d4 Nf6 2. Nf3 e6 3. e3 c5 4. Bd3 d6 5. O-O Nbd7 6. b3 Be7 7. Bb2 O-O 8. c4
cxd4 9. exd4 b6 10. Nc3 Bb7 11. Rc1 Re8 12. Qe2 Bf8 13. Ne4 Rc8 14. Rfd1 Nxe4
15. Bxe4 d5 16. Bb1 g6 17. Ne5 Nxe5 18. dxe5 Qg5 19. cxd5 Bxd5 20. Be4 Rxc1 21.
Rxc1 Bxe4 22. Qxe4 Qd2 23. Qc2 Rd8 24. g3 Bc5 25. Bc3 Bxf2+ 26. Kg2 Qxc2 27.
Rxc2 Bc5 28. b4 Bf8 29. Be1 Rd5 30. Rc7 a5 31. Rc8 Kg7 32. bxa5 bxa5 33. Rc4
Rb5 34. a4 Rd5 35. Kf3 g5 36. h4 Kg6 37. Rc8 Bg7 38. Ra8 gxh4 39. Rxa5 Rd3+ 40.
Ke2 h3 0-1

[Event "Pojedinacno prvenstvo centralne Srbije"]
[Site "www.sah-centralnasrbija.com"]
[Date "2014.03.20"]
[Round "5"]
[White "PIKULA , Dejan"]
[Black "SAVICEVIC , Vlatko"]
[Result "1-0"]
[WhiteElo "2498"]
[BlackElo "2330"]
[PlyCount "41"]
[EventDate "2014.??.??"]

1. e4 d6 2. d4 Nf6 3. Nc3 g6 4. Be3 c6 5. Qd2 Nbd7 6. Nf3 b5 7. Bd3 e5 8. dxe5
dxe5 9. a4 b4 10. Ne2 Ng4 11. Bg5 f6 12. Bh4 a5 13. Bc4 Qe7 14. c3 Nb6 15. Bd3
Bh6 16. Qc2 Bg7 17. O-O O-O 18. cxb4 Qxb4 19. Rfc1 Rb8 20. Qc5 Nxa4 21. Qc4+
1-0

[Event "Pojedinacno prvenstvo centralne Srbije"]
[Site "www.sah-centralnasrbija.com"]
[Date "2014.03.20"]
[Round "5"]
[White "ABRAMOVIC , Bosko"]
[Black "JOVIC , Stanoje"]
[Result "1-0"]
[WhiteElo "2437"]
[BlackElo "2304"]
[PlyCount "91"]
[EventDate "2014.??.??"]

1. c4 e5 2. Nc3 Nf6 3. Nf3 Nc6 4. g3 d5 5. cxd5 Nxd5 6. Bg2 Be6 7. O-O Be7 8.
d4 Nxc3 9. bxc3 exd4 10. Nxd4 Nxd4 11. cxd4 c6 12. e4 O-O 13. d5 cxd5 14. exd5
Bf5 15. Bf4 Bd6 16. Qd4 Re8 17. Rac1 h6 18. h4 Re7 19. Rc3 Qb8 20. Bxd6 Qxd6
21. Rfc1 h5 22. a4 Bg4 23. a5 a6 24. Rb1 Rd8 25. Rb6 Qd7 26. d6 Re1+ 27. Kh2
Rd1 28. Rd3 Rxd3 29. Qxd3 Qa4 30. Qd2 Re8 31. Rxb7 Bd7 32. Qd5 Be6 33. Qc5 Rd8
34. Rb6 Rc8 35. Qxh5 Qd4 36. Qf3 g6 37. Rxa6 Rc2 38. Qf4 Qxf4 39. gxf4 Rxf2 40.
Kg3 Rd2 41. Bb7 Kg7 42. Rb6 Rd3+ 43. Kf2 Ra3 44. a6 Kf6 45. Bc6 Bg4 46. Bb5 1-0

[Event "Pojedinacno prvenstvo centralne Srbije"]
[Site "www.sah-centralnasrbija.com"]
[Date "2014.03.20"]
[Round "5"]
[White "RABRENOVIC , Vladan"]
[Black "RISTIC,  Nenad"]
[Result "0-1"]
[WhiteElo "2392"]
[BlackElo "2431"]
[PlyCount "46"]
[EventDate "2014.??.??"]

1. d4 Nf6 2. c4 g6 3. Nf3 Bg7 4. e3 c5 5. d5 b5 6. a4 bxc4 7. Bxc4 O-O 8. Nc3
d6 9. O-O Bg4 10. h3 Bxf3 11. Qxf3 Nbd7 12. Qe2 Qc7 13. a5 Ne5 14. Ba6 c4 15.
Ra4 Rab8 16. f4 Nd3 17. Bxc4 Nc5 18. Ra3 Nfe4 19. Na2 Ng3 20. Qc2 Nxf1 21. Kxf1
Rfc8 22. Kg1 Nb7 23. a6 Na5 0-1